| 000 | 00810cam a22002651 4500 | ||
|---|---|---|---|
| 001 | 30455 | ||
| 003 | BD-RjUL | ||
| 005 | 20211209051551.0 | ||
| 008 | 140410s1958 enka b 000 0 eng | ||
| 035 | _a(BD-RjUL)30541 | ||
| 040 |
_aDLC _cWa _dDLC _dBD-RjUL _beng |
||
| 041 | _aeng | ||
| 082 | 0 | 0 |
_a507.2 _bMAE 1958 |
| 100 | 1 |
_aMaxwell, A. E. _q(Albert Ernest) _921608 |
|
| 245 | 1 | 0 |
_aExperimental design in psychology and the medical sciences / _cA. E. Maxwell. |
| 260 |
_aLondon ; _bMethuen; _aNew York : _bWiley, _cc1958. |
||
| 300 |
_a147 p. : _billus. ; _c23 cm. |
||
| 504 | _aIncludes bibliography. | ||
| 650 | 0 |
_aExperimental design. _992554 |
|
| 650 | 0 |
_aPsychology _xResearch. _992555 |
|
| 650 | 0 |
_aMedicine _xResearch. _992556 |
|
| 942 |
_2ddc _cBK |
||
| 999 |
_c30455 _d30455 |
||